| 000 | 00361pab a2200145 454500 | ||
|---|---|---|---|
| 008 | 180718b1989 xxu||||| |||| 00| 0 eng d | ||
| 100 | _aDothari, Rajni | ||
| 245 |
_aDecentralisation _bThe real issue |
||
| 260 | _c1989 | ||
| 300 | _a3-9 | ||
| 362 | _aJul.-Aug. | ||
| 650 | _aDecentralisation - India | ||
| 773 | _aMonthly Public Opinion Surveys | ||
| 909 | _a7060 | ||
| 999 |
_c7060 _d7060 |
||